Amri ya wakati / (Record no. 10024)

MARC details
000 -LEADER
fixed length control field 00519cam a22001932 4500
001 - CONTROL NUMBER
control field 0000023869
005 - DATE AND TIME OF LATEST TRANSACTION
control field 20151217152250.0
008 - FIXED-LENGTH DATA ELEMENTS--GENERAL INFORMATION
fixed length control field 130411s xx 000 0 eng d
020 ## - INTERNATIONAL STANDARD BOOK NUMBER
International Standard Book Number 0195735598 :
040 ## - CATALOGING SOURCE
Original cataloging agency KABU
Transcribing agency KABU
100 1# - MAIN ENTRY--PERSONAL NAME
Personal name Mohamed, Said A.
-- 0000152151
245 10 - TITLE STATEMENT
Title Amri ya wakati /
Statement of responsibility, etc. Said A. Mohamed.
250 ## - EDITION STATEMENT
Edition statement 1st ed.
260 ## - PUBLICATION, DISTRIBUTION, ETC. (IMPRINT)
Place of publication, distribution, etc. Nairobi :
Name of publisher, distributor, etc. Oxford,
Date of publication, distribution, etc. 2013.
300 ## - PHYSICAL DESCRIPTION
Extent iv, 60 p.
852 1# - LOCATION
-- p240 KES
908 ## - PUT COMMAND PARAMETER (RLIN)
Put command parameter 130411
950 ## - LOCAL HOLDINGS (RLIN)
-- 1
Holdings
Withdrawn status Lost status Source of classification or shelving scheme Not for loan Home library Current library Date acquired Total Checkouts Full call number Barcode Date last seen Price effective from Koha item type Date last checked out
    Library of Congress Classification   Kabarak, Main Campus Kabarak, Main Campus 17/12/2015   PL8704 .M6A4 2013 c. 2 014981 17/12/2015 17/12/2015 General Collection  
    Library of Congress Classification   Kabarak, Main Campus Kabarak, Main Campus 17/12/2015 3 PL8704 .M6A4 2013 c. 1 014955 11/03/2020 17/12/2015 Africana Collection 11/03/2020
Designed with assistance from East African Informatics Ltd